Časom riadená kalkulácia nákladov podľa čiastkových činností

Praktické dopady aplikácie časom riadenej kalkulácie nákladov podľa čiastkových činností. Určenie dvoch základných parametrov: jednotkové náklady vo väzbe na produkčnú dodávateľskú kapacitu podniku, čas potrebný na vykonanie jednotky transakcie. Praktický príklad časom riadenej kalkulácie nákladov p...

ver descrição completa

Na minha lista:
Detalhes bibliográficos
Autor principal: Tóth, Miroslav, 1961-
Outros Autores: Tóthová, Alena, 1968-
Formato: Capítulo de Livro
Idioma:eslovaco
Assuntos:
Tags: Adicionar Tag
Sem tags, seja o primeiro a adicionar uma tag!

MARC

LEADER 00000naa$a2200000$$$4500
001 0158317
005 20240502072746.5
041 0 |a slo 
044 |a SK 
245 1 0 |a Časom riadená kalkulácia nákladov podľa čiastkových činností  |c Miroslav Tóth, Alena Tóthová 
520 |a Praktické dopady aplikácie časom riadenej kalkulácie nákladov podľa čiastkových činností. Určenie dvoch základných parametrov: jednotkové náklady vo väzbe na produkčnú dodávateľskú kapacitu podniku, čas potrebný na vykonanie jednotky transakcie. Praktický príklad časom riadenej kalkulácie nákladov podľa čiastkových činností. 
610 2 0 |a náklady 
610 2 0 |a kalkulácia nákladov 
610 2 0 |a metóda ABC 
610 2 0 |a výroba 
610 2 0 |a produkcia 
610 2 0 |a podnik 
610 2 0 |a kapacita výrobná 
100 1 |a Tóth, Miroslav, 1961- 
700 1 |a Tóthová, Alena, 1968-